Southville International School and Colleges
Your cart is empty.
  • Cart
  • Lists
    Public lists Eva Luna New books Lux_list list_1
    Your lists Log in to create your own lists
  • Log in to your account
  • Your cookies
  • Search history
Southville International School and Colleges
  • Advanced search
  • Recent comments
  • Most popular
  • Libraries

Log in to your account

Log in with GOOGLE


If you do not have an external account, but do have a local account, you can still log in:

  1. Home
  2. MARC view: Nutrition essentials for nursing practice
Normal view MARC view ISBD view

Nutrition essentials for nursing practice (Record no. 365271)

[ view plain ]
MARC details
000 -LEADER
fixed length control field 00645nam a22002177a 4500
003 - CONTROL NUMBER IDENTIFIER
control field 0
005 - DATE AND TIME OF LATEST TRANSACTION
control field 20230908135456.0
008 - FIXED-LENGTH DATA ELEMENTS--GENERAL INFORMATION
fixed length control field 230908b xxu||||| |||| 00| 0 eng d
020 ## - INTERNATIONAL STANDARD BOOK NUMBER
International Standard Book Number 978-1-975172-79-4
050 ## - LIBRARY OF CONGRESS CALL NUMBER
Classification number RM 216
Item number .D83 2022
100 ## - MAIN ENTRY--PERSONAL NAME
Personal name Dudek, Susan G.
245 ## - TITLE STATEMENT
Title Nutrition essentials for nursing practice
Statement of responsibility, etc Susan G. Dudek
250 ## - EDITION STATEMENT
Edition statement Ninth edition
260 ## - PUBLICATION, DISTRIBUTION, ETC. (IMPRINT)
Place of publication, distribution, etc Philadelphia, PA
Name of publisher, distributor, etc Wolters Kluwer
Date of publication, distribution, etc c2022.
300 ## - PHYSICAL DESCRIPTION
Extent xiii, 562 pages :
Other physical details col. ill. ;
Dimensions 28cm.
500 ## - GENERAL NOTE
General note Diet therapy
504 ## - BIBLIOGRAPHY, ETC. NOTE
Bibliography, etc Includes bibliographical references and index.
650 ## - SUBJECT ADDED ENTRY--TOPICAL TERM
Topical term or geographic name as entry element Diet therapy.
650 ## - SUBJECT ADDED ENTRY--TOPICAL TERM
Topical term or geographic name as entry element Nursing.
942 ## - ADDED ENTRY ELEMENTS (KOHA)
Source of classification or shelving scheme Library of Congress Classification
Koha item type Books
Holdings
Withdrawn status Lost status Source of classification or shelving scheme Damaged status Home library Current library Shelving location Date acquired Source of acquisition Sub Shelving location Total Checkouts Total Renewals Full call number Barcode Date last seen Date checked out Price effective from Koha item type
    Library of Congress Classification   College Library College Library Reserve Section 09/08/2023 Library Fund   2 6 RM 216 .D83 2022 C22978 12/06/2024 10/29/2024 09/08/2023 Books

Nutrition essentials for nursing practice

APA

Dudek S. G., . (2022). Nutrition essentials for nursing practice. Philadelphia, PA: Wolters Kluwer.

Chicago

Dudek Susan G, . 2022. Nutrition essentials for nursing practice. Philadelphia, PA: Wolters Kluwer.

Harvard

Dudek S. G., . (2022). Nutrition essentials for nursing practice. Philadelphia, PA: Wolters Kluwer.

MLA

Dudek Susan G, . Nutrition essentials for nursing practice. Philadelphia, PA: Wolters Kluwer. 2022.

  • Place hold
  • Print
  • Cite
  • Add to your cart (remove)
  • Save record
    BIBTEX Dublin Core MARCXML MARC (non-Unicode/MARC-8) MARC (Unicode/UTF-8) MARC (Unicode/UTF-8, Standard) MODS (XML) RIS
  • More searches
    Search for this title in:
    Other Libraries (WorldCat) Other Databases (Google Scholar) Online Stores (Bookfinder.com) Open Library (openlibrary.org)

Exporting to Dublin Core...

SOUTHVILLE LIBRARY

Southville International School and Colleges Library

1281 Tropical Ave. Cor. Luxembourg St., BF Homes International, Las Pinas City

Tel. No. 8256374 / 252358 Loc. 117/146

Powered by Koha